| 000 | 00889nam a2200241 a 4500 | ||
|---|---|---|---|
| 001 | 73392 | ||
| 003 | BD-RjUL | ||
| 005 | 20211209082405.0 | ||
| 008 | 181204m19551958it a 000 0 eng d | ||
| 035 | _a(BD-RjUL)73610 | ||
| 040 |
_aDLC _cOC _dBD-RjUL _beng |
||
| 041 | _aeng | ||
| 082 |
_223 _a630.2011 _bFOR V-1-2 1955-1958 |
||
| 110 | 1 |
_aFood and Agriculture Organization of the United Nations. _bEconomics Division. _9217097 |
|
| 245 | 1 | 0 |
_aReport on the 1950 world census of agriculture / _cFood and Agriculture Organization of the United Nations. Economics Division. |
| 246 | _aCensus results by countries (Vol. 1) | ||
| 246 | _aCensus methodology (Vol. 2) | ||
| 260 |
_aRome : _bFAO, _c1955-1958 |
||
| 300 |
_a2 v. ; _bIll.; _c29 cm. |
||
| 505 | 1 | _aVol. 1, Census results by countries -- v. 2, Census methodology. | |
| 650 | 0 |
_aAgriculture _vStatistics. _9201943 |
|
| 942 |
_2ddc _cRAR |
||
| 999 |
_c73392 _d73392 |
||